| 000 | 00946nam a2200289 i 4500 | ||
|---|---|---|---|
| 001 | 27717 | ||
| 003 | ES-MaACL | ||
| 005 | 20250824063030.0 | ||
| 007 | t| | ||
| 008 | 030115s1981 sp ||||1| spa d | ||
| 017 |
_aM 35237-1981 _bOficina Depósito Legal Madrid |
||
| 020 | _a84-207-2151-4 | ||
| 080 | _a371.214 | ||
| 100 | 1 |
_aAzcárate Ristori, Isabel de, _d1923-2016 _eaut _924255 |
|
| 245 | 1 | 3 |
_aLa programación en la práctica escolar / _cIsabel de Azcárate Ristori |
| 260 |
_a[Madrid] : _bAnaya, _c[1981] |
||
| 300 |
_a159 páginas ; _c22 cm |
||
| 490 | 1 |
_aTemas monográficos de educación _9181912 |
|
| 500 | _aÍndice | ||
| 504 | _aBibliografía: páginas 157-159 | ||
| 650 | 7 |
_aCurrículo educativo _2embne _9171072 |
|
| 830 | 0 |
_aTemas monográficos de educación _9181912 |
|
| 852 | 4 |
_aES-MaACL _cDEPO2 _jL-1409 |
|
| 942 |
_2udc _cMONOGRAFIA _n0 |
||
| 999 |
_c27717 _d27717 |
||